|
|
|
|
| LEADER |
00000nam a22000007a 4500 |
| 005 |
20191031204030.0 |
| 007 |
cr|||| |||| |
| 008 |
191031s2019 es |||||s|||| 00||0 spa d |
| 020 |
|
|
|a 978-84-7351-680-8
|
| 035 |
|
|
|a 30652
|
| 040 |
|
|
|a vLex
|
| 090 |
|
|
|c 9991
|d 9991
|
| 245 |
0 |
0 |
|a 20 aǫs de la ley de lo contencioso-administrativo
|h [Recurso electrn̤ico] /
|
| 256 |
|
|
|a Servicio en ln̕ea
|
| 260 |
|
|
|a Madrid:
|b Instituto Nacional de Administracin̤ Pb︢lica (INAP),
|c 2019
|
| 300 |
|
|
|a 1 recurso electrn̤ico
|
| 506 |
1 |
|
|a Disponible solo en los productos indicados
|d vLex Global
|d vLex Global (Academic Edition, excluding Law Schools)
|d vLex Global (U.S. Academic Edition, Law Schools)
|d vLex Global (U.S. Academic Edition, excluding Law Schools)
|d vLex Global (Academic Edition, Law Schools)
|
| 650 |
0 |
4 |
|a Procedimiento Contencioso-administrativo
|z Espaą
|
| 650 |
0 |
4 |
|a Procedimiento Contencioso-Administrativo
|z Espaą
|
| 740 |
0 |
|
|a vLex Libros (Servicio en ln̕ea)
|
| 856 |
4 |
0 |
|u http://vlex.com/source/20-a-os-ley-contencioso-administrativo-30652
|z Acceso restringido
|
| 942 |
|
|
|c BOOK
|
| 999 |
0 |
|
|a Contentious-administrative procedure
|
| 999 |
0 |
|
|a Contentious-administrative procedure
|